1078 1063 1387 1147 1922 1045 1523 1200 1572 1158 1436 1649 1073 1240 1465 1260 1856 1954 1280 1350 1027 1433 1676 1830 1351 1606 1319 1443 1166 1315 1006 1175 1900 1104 1228 1382 1851 1806 1448 1776 1624 1588 1637 1336 1714 1434 1226 1583 1738 1305 1142 1222 1502 1520 1664 1751 1678 1231 1369 1116 1217 1805 1159 1569 1075 1865 1562 1211 1115 1014 1027 1066 1104 1019 1865 1557 1686 1526 1749 1744 1970 1041 1695 1595 1986 1588 1376 1718 1953 1954 1873 1900 1872 1405 1520 1445 1757 1020 1740 BCNSPRNW ULIB Ver.6.0+V

เปลี่ยนเป็นภาษาไทย

Change to English
 แสดงรายละเอียดบรรณานุกรม
  กลับหน้าหลัก

Brief Record : Get Marc (ISO 2709) : E-mail record : QR code < ปิดหน้าต่าง
LEADER : 00000nam 2200000uu 4500
001    13399109537
003     ULIB
008    110404s2543||||th 000 0 tha d
020    9747803852
060 04 WB320^bม398ค 2543
245 00 คู่มือเวชศาสตร์ฟื้นฟู /^cบรรณาธิการ วิศาล คันธารัตนกุล,ภาริส วงศ์แพทย์
250    พิมพ์ครั้งที่4
260    กรุงเทพฯ :^bโฮลิสติก พับลิชชิ่ง,^c2543
300    332 หน้า ;^c26 ซม.
500    ดรรชนี
650  2 Rehabilitation^vhandbooks, manuals, etc.
650  7 การฟื้นฟูสมรรถภาพ^vคู่มือ
650  7 เวชศาสตร์ฟื้นฟู^vคู่มือ
700 0  วิศาล คันธารัตนกุล,^eบรรณาธิการ
700 0  ภาริส วงศ์แพทย์,^eบรรณาธิการ
945    ^p380^l0^i014481
945    ^p380^l0^i014479
945    ^p380^l0^i014480
995    ทศพร
999 ^a ใช้งานได้ทุกระบบ
รายการนี้ยังไม่มีแท็ก
คุณยังไม่ได้ล็อกอิน คุณสามารถมีกิจกรรมร่วมกับเว็บไซต์ได้ แต่ต้องล็อกอินก่อน ::
  ล็อกอิน

รายการสื่อสารสนเทศ

ลำดับที่ ประเภท เลขเรียก/บาร์โค้ด สถานที่ สถานะ
- ไม่พบข้อมูล -

BibComment


ยังไม่เคยถูกคอมเมนท์

คอมเมนท์ทรัพยากรรายการนี้
  คอมเมนท์: คู่มือเวชศาสตร์ฟื..


 Copyright 2026. Bcnsprnw @Library